000 00740nam a2200253Ia 4500
003 OSt
005 20221006153357.0
006 a|||||r|||| 00| 0
007 ta
008 221006b |||||||| |||| 00| 0 eng d
020 _a9789023231400
_c¥3,980
024 _a32,164
037 _bGift, Japan Foundation
_cTextual
040 _aEASL
_cEASL
_beng
041 _2eng
_aeng
082 _aO42.N9, N6
100 _aMURAKAMI Fuminobu Au.
_9663625
245 0 _aIdeology and narrative in modern Japanese literature
260 _aNetherlands
_bVan Gorcum
_c1996
300 _a132p.
_ccm.
490 _v JEL
942 _hO42.N9, N6
_cTEXL
_2CC
999 _c1100250
_d1100250